Culture Générale - Série 2263 - Statistiques

Statistiques générales
  • Ce quiz a été pris 123 fois
  • Le résultat moyen est 5 sur 10
Statistiques - réponses
Question Réponse % Correct
Quelle partie de l'oeil porte le nom d'une fleur ? iris
97%
Faire une tentative sans succès, c'est "donner un coup d'épée dans l' .... eau
88%
Logement aménagé dans un ancien atelier, entrepôt, voire une usine loft
83%
Trouble du fonctionnement mental qui se manifeste par une méfiance exagérée des autres, une sensation de menace permanente et un sentiment de persécution paranoïa
68%
Quel anglicisme désigne un reportage plus ou moins sensationnel en exclusivité vis-à-vis de la concurrence ? scoop
66%
Comment appelle-t-on un message déposé sur internet ? post
36%
Comment appelle-t-on un auteur qui écrit en prose ? prosateur
16%
Dans la mythologie grecque, quelle magicienne a rejeuni Eson, le père de Jason ? voir peinture de Delacroix Médée
10%
Contradiction, opposition totale : 9 lettres commençant par " a " antinomie
8%
Dans un marais salant, quel nom de fleur donne-t-on à la partie la plus basse où l'on récolte le sel ? oeillet
5%
Aucun quiz correspondant
Distribution des résultats
% des personnes avec chaque résultat
Percentile par nombre de réponses
Votre historique - résultats
Vous n’avez pas pris ce quiz